| 000 | 01768nam0a22003971 4500 | ||
|---|---|---|---|
| 001 | RU\NLR\INFOCOMM_41\5000238136 | ||
| 005 | 20250613085650.0 | ||
| 035 | _a(NLR Aleph) 009038930 | ||
| 090 |
_a9534785 _c9534785 |
||
| 100 | _a20080626d1981 |||y0rusy50 ca | ||
| 101 | 0 |
_aeng _drus |
|
| 102 | _aRU | ||
| 105 | _aa z|||000zy | ||
| 200 | 1 |
_aOn four-quark nature of scalar S(980) and δ(980) resonances _fN. N. Achasov, S. A. Devyanin, G. N. Shestakov |
|
| 210 |
_aNovosibirsk _cИн-т математики СО АН СССР _d1981 |
||
| 215 |
_a41, [8] с. _cил. _d20 см |
||
| 225 | 1 |
_aPreprint _fUSSR Acad. of sciences, Siberian div, Inst. for mathematics _vTP-121 |
|
| 300 | _aВ вып. дан.: О четырехкварковой природе скалярных S*(980) и δ (980) резонансов / Н. Н. Ачасов, С. А. Девянин, Г. Н. Шестаков | ||
| 300 | _aНа обл. надзаг. на рус. яз. | ||
| 300 | _aРез. на рус. яз. | ||
| 320 | _aБиблиогр.: с. 33-34 | ||
| 517 | 1 | _aО четырехкварковой природе скалярных S*(980) и δ (980) резонансов | |
| 606 |
_aЧастицы (физ.) _xРезонанс _xМедель кварков _2nlr_sh1 |
||
| 686 |
_aВ382.145 _2rubbk |
||
| 700 | 1 |
_9z01790 _aAčasov _bN. N. _gNikolaj Nikolaevič _4070 |
|
| 701 | 1 |
_9z02790 _aDevjanin _bS. A. _gSergej Alekseevič _4070 |
|
| 701 | 1 |
_9z03790 _aŠestakov _bG. N. _gGeorgij Nikolaevič _4070 |
|
| 790 | 1 |
_9z01700 _aAchasov _bN. N. _4070 |
|
| 790 | 1 |
_9z02701 _aDevyanin _bS. A. _4070 |
|
| 790 | 1 |
_9z03701 _aShestakov _bG. N. _4070 |
|
| 801 | 1 |
_aRU _bNLR _c20080626 |
|
| 801 | 0 |
_aRU _bNLR _gPSBO |
|
| 852 |
_aNLR _jФз01 Д-4/1588 |
||
| 942 | _cBOOK | ||
| 980 | _aNB | ||